export_success — 

Perlembagaan persekutuan : (hingga 15hb Ogos 2003).

Bibliographic Details
Format: Book
Published: Petaling Jaya: International Law Book Services, 2003.
Series:Undang-undang Malaysia
Subjects:
LEADER 00536cam a2200169 7i4500
001 0000026657
005 20110915090000.0
020 0 0 |a 9678914158  
090 0 0 |a M 342.595   |b PER 
245 0 0 |a Perlembagaan persekutuan :   |b (hingga 15hb Ogos 2003). 
260 0 0 |a Petaling Jaya:   |b International Law Book Services,   |c 2003. 
300 # # |a 170 p. 
440 0 0 |a Undang-undang Malaysia 
650 0 0 |a Constitutional law --   |z Malaysia  
650 0 0 |a Constitution --   |z Malaysia  
651 0 0 |a Malaysia  
999 |a 0000028743  |b Book  |c Malaysia  |e Business Information Centre